Statistics for British History by Letter - B

Click here to take the quiz!

General Stats

  • This quiz has been taken 1,453 times
    (958 since last reset)
  • The average score is 13 of 23

Answer Stats

HintAnswer% Correct
City in southwest England given the Latin name Aquae SulisBath
93%
Scottish-born, American inventor of the telephoneAlexander Graham Bell
87%
Surname of literary sisters whose novels include Jane Eyre and Wuthering HeightsBrontë
85%
Wife of Henry VIII and mother to future Queen, Elizabeth IAnne Boleyn
83%
Public service broadcaster established in 1927British Broadcasting Corporation
82%
Name given to the German bombing campaign during WWIIThe Blitz
82%
Old English poem regarding a warrior and his fight to defeat a monster terrorising DenmarkBeowulf
81%
Queen of the Iceni tribe that led an uprising against the Roman EmpireBoudica
79%
In 1348, this disease commonly known as the Black Death arrives in LondonBubonic Plague
76%
War in which Dutch settlers were defeated in South AfricaSecond Boer War
67%
Embroidered cloth depicting the Norman Conquest of EnglandBayeaux Tapestry
61%
Name given to the former Roman provinceBritannia
59%
English coastal resort, the site of an assassination attempt by the IRA on then Prime Minister, Margaret ThatcherBrighton
53%
Penned 'Auld Lang Syne', often sung on New Year's EveRobert Burns
53%
Archbishop of Canterbury murdered by the knights of Henry IIThomas Becket
53%
Battle in which Robert the Bruce defeated the English in the First War of Scottish IndependenceBattle of Bannockburn
43%
Prominent figure of the industrial revolution, designed both the Clifton Suspension Bridge and the SS Great BritainIsambard Kingdom Brunel
40%
Richard III becomes the last English King to be killed in combat during this battleBattle of Bosworth Field
33%
Royal Navy ship, a veteran of the Normandy Landings and Korean War currently moored on the banks of the River ThamesHMS Belfast
32%
Town in Northumberland central to a number of historic border wars, changes hands for the last timeBerwick-upon-Tweed
31%
Welsh politician and Minister for Health that pioneered the foundation of the National Health ServiceAneurin Bevan
24%
First female speaker of the House of Commons, elected 1992Betty Boothroyd
23%
Site of the final defeat of James II, the last Catholic monarch of England, Scotland and IrelandBattle of the Boyne
19%

Score Distribution

Percentile by Number Answered

Percent of People with Each Score

Your Score History

You have not taken this quiz since the last reset